The nowhere idea
Enregistré dans:
| Auteur principal: | |
|---|---|
| Format: | Livre |
| Langue: | English |
| Publié: |
Toronto, Canadá
Williams-Wallace
1982
|
| Sujets: | |
| Tags: |
Ajouter un tag
Pas de tags, Soyez le premier à ajouter un tag!
|
MARC
| LEADER | 00000nam a2200000Ia 4500 | ||
|---|---|---|---|
| 008 | 170316s9999 xx 000 0 eng d | ||
| 040 | |a cru BVZT | ||
| 090 | |a 818 U-2n | ||
| 100 | |a Urbany, Pablo | ||
| 245 | 4 | |a The nowhere idea | |
| 260 | |a Toronto, Canadá | ||
| 260 | |b Williams-Wallace | ||
| 260 | |c 1982 | ||
| 300 | |a 169 páginas | ||
| 650 | |a LITERATURA CANADIENSE | ||
| 942 | |c 15 D | ||
| 999 | |c 6669 |d 6669 | ||
